Detalles MARC
| 000 -LÍDER |
| Campo fijo de descripción fija |
01199cam a22003254c 4500 |
| 001 - NÚMERO DE CONTROL |
| Campo de control |
17262 |
| 003 - IDENTIFICADOR DEL NÚMERO DE CONTROL |
| Campo de control |
CO-MdFUSB |
| 005 - FECHA Y HORA DE LA ULTIMA TRANSACCIÓN |
| control field |
20180924171005.0 |
| 008 - ELEMENTOS DE LONGITUD FIJA -- INFORMACIÓN GENERAL |
| Campo fijo de descripción fija -- Información general |
160413s1975 sp ||||| |||| 00| 0 spa d |
| 020 ## - NÚMERO INTERNACIONAL NORMALIZADO PARA LIBROS |
| Número Internacional Normalizado del libro |
84-7057-187-7 |
| 040 ## - FUENTE DE CATALOGACIÓN |
| Agencia que realiza la transcripción |
CO-MdFUSB |
| Agencia de catalogación original |
CO-MdFUSB |
| Idioma de catalogación |
spa |
| Agencia que realiza la modificación |
CO-MdFUSBC |
| Convenciones de la descripción |
rda |
| 041 ## - CÓDIGO DE IDIOMA |
| Código de idioma para texto/pista de sonido o título separado |
spa |
| Código de idioma original |
eng |
| 082 04 - NÚMERO DE CLASIFICACIÓN DECIMAL DEWEY |
| Número de clasificación |
G 226.907 |
| Número de la edición del Dewey |
23 |
| Clave de autor-Numero de item |
D2551s |
| 100 1# - ASIENTO PRINCIPAL--NOMBRE PERSONAL |
| Nombre personal |
Davies, W. D. |
| Término relacionador |
autor |
| 245 03 - TÍTULO |
| Título del Material |
El sermón de la montaña |
| Mención de responsabilidad, etc. |
/ W. D. Davies ; presentación y epílogo por A. Diez-Macho |
| 264 #1 - PRODUCCIÓN, PUBLICACIÓN, DISTRIBUCIÓN, MANUFACTURA, Y COPYRIGHT |
| Lugar de producción, publicación, distribución, manufactura |
Madrid: |
| Nombre del productor, publicador, distribuidor |
Cristiandad, |
| Fecha de producción, publicación, distribución, manufactura, o copyright |
℗[1975] |
| 264 #4 - PRODUCCIÓN, PUBLICACIÓN, DISTRIBUCIÓN, MANUFACTURA, Y COPYRIGHT |
| Fecha de producción, publicación, distribución, manufactura, o copyright |
©1975 |
| 300 ## - DESCRIPCIÓN FÍSICA |
| Extensión |
245 páginas ; |
| Dimensiones |
18 cm |
| 336 ## - TIPO DE CONTENIDO |
| Fuente |
rdacontent |
| Término de tipo de contenido |
texto |
| Código de tipo de contenido |
txt |
| 337 ## - TIPO DE MEDIO |
| Fuente |
rdamedia |
| Nombre del tipo de medio |
sin mediación |
| Código del tipo de medio |
n |
| 338 ## - TIPO DE SOPORTE |
| Fuente |
rdacarrier |
| Nombre del tipo de soporte |
volumen |
| Código Tipo de soporte |
nc |
| 500 ## - NOTA GENERAL |
| Nota General |
Título originalThe sermon on the mount |
| 501 ## - NOTA DE “CON” |
| Nota de Contenido |
En rústico |
| 505 0# - NOTA DE CONTENIDO |
| Nota de contenido con formato preestablecido |
El contexto de Mateo -- El contexto de la expectación mesiánica judía -- El contexto del judaísmo contemporáneo -- El contexto del ministerio de Jesús |
| 653 ## - TÉRMINO DE INDIZACIÓN - NO CONTROLADO |
| Término no controlado |
Biblia. Nuevo Testamento -- Mateo - Sermones |
| 653 ## - TÉRMINO DE INDIZACIÓN - NO CONTROLADO |
| Término no controlado |
Sermón de la Montaña |
| 653 ## - TÉRMINO DE INDIZACIÓN - NO CONTROLADO |
| Término no controlado |
Biblia. Nuevo Testamento - Sermón de la montaña - Contexto judío |
| 942 ## - TIPO DE MATERIAL (KOHA) |
| Tipo de Item KOHA |
Libros General |